| 000 | 00851cab a2200253 4500 | ||
|---|---|---|---|
| 001 | ABS50227 | ||
| 008 | 090401t1994 xxu||||| |||| 00| 0 eng d | ||
| 035 | _a(Sirsi) u74700 | ||
| 041 | _aeng | ||
| 100 | _aMilne, R. | ||
| 245 | 3 | _aAn authority on the water environment | |
| 260 | _c1994 | ||
| 350 | _a0 | ||
| 490 |
_aPlanning (for the Natural and Built Environment) _v(1053) 28 January 1994, 7(1) |
||
| 520 | _aThe National Rivers Authority is keen to advise planners on the effects of planning decisions on watercourses. As part of this effort the NRA is to publish guidance on development plans. | ||
| 650 | _aDEVELOPMENT CONTROL | ||
| 650 | _aDEVELOPMENT PLANS | ||
| 650 | _aFLOOD RISK AREAS | ||
| 650 | _aNATIONAL RIVERS AUTHORITY | ||
| 690 | _aPLANNING LAW AND PRACTICE | ||
| 690 | _aWATER | ||
| 942 | _n0 | ||
| 948 | _c04/03/1997 | ||
| 999 |
_c47070 _d47070 |
||